[Event "SRI-ch Dini"]
[Site "Colombo"]
[Date "2024.07.31"]
[Round "4"]
[White "Jayaweera, Y."]
[Black "Thilakarathne, Adeesha Dinal"]
[Result "1-0"]
[WhiteElo "1870"]
[BlackElo "1642"]
[PlyCount "150"]
[EventDate "2024.07.29"]
[EventType "swiss"]
[EventRounds "10"]
[EventCountry "SRI"]
[SourceTitle "CBM 221 Extra"]
[Source "ChessBase"]
[SourceDate "2024.09.30"]
[SourceVersion "1"]
[SourceVersionDate "2024.09.30"]
[SourceQuality "1"]

1. d4 Nf6 2. Nf3 g6 3. c4 Bg7 4. g3 0-0 5. Bg2 d6 6. 0-0 Nbd7 7. Nc3 c6 8. e4 e5 9. h3 Qe7 10. Be3 Rd8 11. Qc2 Nf8 12. Rad1 N6d7 13. Rfe1 h6 14. b4 exd4 15. Nxd4 Ne6 16. f4 Nb6 17. Nce2 d5 18. cxd5 cxd5 19. Nxe6 Bxe6 20. Bc5 Qc7 21. f5 gxf5 22. exf5 Bd7 23. Qd3 Bc6 24. Bd4 Nc4 25. Bxg7 Kxg7 26. Nf4 Qb6+ 27. Kh2 Qxb4 28. Qd4+ Kg8 29. Rb1 Qd2 30. Qf6 Rd6 31. Qh4 Qc2 32. f6 Kh7 33. Re7 Rf8 34. Rbe1 Qf5 35. Ne6 Rxe6 36. R1xe6 Kg6 37. Re2 Qxf6 38. Qg4+ Kh7 39. R2e6 Qg5 40. Qe2 Kg8 41. h4 Qg7 42. Qe1 Kh8 43. Re2 Nd6 44. Qf2 Qg6 45. Qd4+ Qg7 46. Qf4 Ne4 47. Bxe4 dxe4 48. Rd2 Qg6 49. Rd6 f6 50. g4 e3 51. Qf5 Qxf5 52. gxf5 e2 53. Rxe2 Kg7 54. Re7+ Rf7 55. Rxf7+ Kxf7 56. Kg3 Ke7 57. Re6+ Kf7 58. Kg4 Bd5 59. Re2 h5+ 60. Kf4 Bc6 61. Ke3 Bd7 62. Ke4 Bc6+ 63. Kd4 Bd7 64. Rf2 Ke7 65. Kc5 a6 66. Kb6 Bc6 67. Kc7 Bd5 68. a3 a5 69. Re2+ Kf7 70. Kd6 Bc6 71. Re7+ Kf8 72. Ke6 a4 73. Kxf6 b5 74. Rc7 Be8 75. Rb7 Bc6 1-0

[Event "SRI-ch Dini"]
[Site "Colombo"]
[Date "2024.07.29"]
[Round "1"]
[White "Thilakarathne, Adeesha Dinal"]
[Black "Newansa, M Esandi"]
[Result "0-1"]
[WhiteElo "1642"]
[BlackElo "1749"]
[PlyCount "66"]
[EventDate "2024.07.29"]
[EventType "swiss"]
[EventRounds "10"]
[EventCountry "SRI"]
[SourceTitle "CBM 221 Extra"]
[Source "ChessBase"]
[SourceDate "2024.09.30"]
[SourceVersion "1"]
[SourceVersionDate "2024.09.30"]
[SourceQuality "1"]

1. e4 c6 2. d4 d5 3. Nc3 dxe4 4. Nxe4 Nf6 5. Ng3 h5 6. h4 c5 7. Nf3 Bg4 8. Bb5+ Nc6 9. 0-0 Qb6 10. Bxc6+ Qxc6 11. dxc5 Qxc5 12. c3 e6 13. Be3 Qd5 14. Qxd5 Nxd5 15. Ne4 Bxf3 16. gxf3 Be7 17. Bg5 f6 18. Bd2 Kf7 19. Kh2 Nb6 20. Be3 Nc4 21. b3 Ne5 22. Kg2 Rhd8 23. Rad1 b6 24. Bd4 Ng6 25. Kg3 f5 26. Ng5+ Bxg5 27. hxg5 e5 28. Bxe5 h4+ 29. Kh3 Nxe5 30. Kxh4 Nxf3+ 31. Kg3 Nxg5 32. Kf4 Kf6 33. Rh1 Ne4 0-1